000
00242nam a22001097a 4500
999
_c
261857
_d
261856
020
_a
0439321611
100
_a
J.K.Rowling
245
_a
Quidditch : Through The Ages
260
_a
New York
_b
Scholastic
_c
2001
300
_a
56 pgs
942
_c
BK